000 01132cam a2200277 4500
001 ##B2264
008 090401t1989 xxu||||| |||| 00| 0 eng d
035 _a(Sirsi) u49011
041 0 _aeng
050 0 4 _a630 $2 18
090 _aRICS 1989/24 ABC
111 2 _aRoyal Institution of Chartered Surveyors Land Agency and Agriculture Division and the Central Association of Agricultural Valuers Joint Conference
_d(1989
_cLondon)
245 0 0 _aPreparing to diversify
_bpitfalls, planning and practice
260 _aLondon
_bInstitution and College Conferences
_c1989
300 _a5
_fpapers
_c30cm.
350 _a0
505 1 _aPitfalls of diversifying - the lawyer's view -- Funding new ventures -- Politicians, planners - a help or a hindrance? A landowner's view -- How are the Europeans coping? -- Rating and diversification - a valuer's approach.
690 _aPROPERTY-RURAL AND NATURAL ASSETS-RURAL AND NATURAL ASSET MANAGEMENT
700 1 _aHargreave, Hume
700 1 _aIngram, Paul
700 1 _aNorris, John
700 1 _aWalston, Oliver
700 1 _aWomersley, Julian
942 _n0
948 _c04/03/1997
999 _c92466
_d92466